000 00691cam a2200205 4500
001 WB3618-03
008 000000n2000 000 0 eng u
035 _a(Sirsi) u105897
245 _aConstruction growth bucks UK trend
260 _c2000
490 _aBuilding
_v(18) 5 May 2000, 14(1)
520 _aThe latest quarterly survey from Construction Forecasting and Research predicts that construction work in the UK will grow by up to 5% during the next two years.
590 _aWB
650 _aCONSTRUCTION MARKET
650 _aCONSTRUCTION FORECASTING AND RESEARCH
650 _aFORECASTS
650 _aGROWTH
690 _aBUILT ENVIRONMENT-CONSTRUCTION MARKET
942 _n0
999 _c63409
_d63409